[Event "GER-ch U25-C"]
[Site "Willingen"]
[Date "2023.06.02"]
[Round "8"]
[White "Neininger, Pascal"]
[Black "Tarasenko, Ruslan"]
[Result "1-0"]
[WhiteElo "1156"]
[BlackElo "1087"]
[PlyCount "35"]
[EventDate "2023.05.27"]
[EventType "swiss"]
[EventRounds "9"]
[EventCountry "GER"]
[SourceTitle "CBM 214 Extra"]
[Source "ChessBase"]
[SourceDate "2023.07.31"]
[SourceVersion "1"]
[SourceVersionDate "2023.07.31"]
[SourceQuality "1"]

1. e4 e5 2. Nc3 Nc6 3. g3 Nf6 4. Bg2 Bc5 5. Nge2 0-0 6. 0-0 a5 7. h3 d6 8. Kh2 Ne7 9. d4 exd4 10. Nxd4 Be6 11. Nxe6 fxe6 12. Bg5 Nd7 13. Qg4 Ne5 14. Qxe6+ Rf7 15. Nd5 N5c6 16. f4 Nd4 17. Nxe7+ Kh8 18. Qxf7 1-0

[Event "GER-ch U25-C"]
[Site "Willingen"]
[Date "2023.05.30"]
[Round "4"]
[White "Neininger, Pascal"]
[Black "Voecking, Laura"]
[Result "0-1"]
[WhiteElo "1156"]
[BlackElo "1282"]
[PlyCount "66"]
[EventDate "2023.05.27"]
[EventType "swiss"]
[EventRounds "9"]
[EventCountry "GER"]
[SourceTitle "CBM 214 Extra"]
[Source "ChessBase"]
[SourceDate "2023.07.31"]
[SourceVersion "1"]
[SourceVersionDate "2023.07.31"]
[SourceQuality "1"]

1. e4 e6 2. d4 d5 3. Nc3 dxe4 4. Nxe4 Nc6 5. Nf3 Be7 6. Be3 Nf6 7. Bd3 b6 8. c3 Bb7 9. Nxf6+ Bxf6 10. Be4 Qd7 11. Qd3 0-0-0 12. 0-0 Be7 13. Rfd1 f5 14. Bxc6 Qxc6 15. Bf4 g5 16. Be5 Rhg8 17. Ne1 h5 18. Qf3 Qe8 19. Qg3 h4 20. Qe3 g4 21. h3 gxh3 22. Qxh3 Qc6 23. f3 Rg6 24. Nd3 Rdg8 25. Nf4 Rg3 26. Qh2 Qxf3 27. Rd2 Qe3+ 28. Rf2 h3 29. Raf1 Bh4 30. d5 Rxg2+ 31. Nxg2 Rxg2+ 32. Kh1 Rxh2+ 33. Rxh2 Bxd5+ 0-1

[Event "GER-ch U25-C"]
[Site "Willingen"]
[Date "2023.05.28"]
[Round "1"]
[White "Kutz, Henning Jasper"]
[Black "Neininger, Pascal"]
[Result "0-1"]
[WhiteElo "830"]
[BlackElo "1156"]
[PlyCount "96"]
[EventDate "2023.05.27"]
[EventType "swiss"]
[EventRounds "9"]
[EventCountry "GER"]
[SourceTitle "CBM 214 Extra"]
[Source "ChessBase"]
[SourceDate "2023.07.31"]
[SourceVersion "1"]
[SourceVersionDate "2023.07.31"]
[SourceQuality "1"]

1. e4 c5 2. Nc3 e5 3. Bc4 Nc6 4. d3 d6 5. Bd5 Nge7 6. Nf3 g6 7. Bg5 h6 8. Bxc6+ bxc6 9. Bf6 Rh7 10. 0-0 Bg7 11. Bxg7 Rxg7 12. a3 Kf8 13. b4 Kg8 14. bxc5 dxc5 15. Nxe5 Qd4 16. Nxc6 Nxc6 17. Nb5 Qe5 18. f4 Qh5 19. Qxh5 gxh5 20. f5 Ne5 21. f6 Rg6 22. Rf2 Ng4 23. Rf3 Nxf6 24. Rb1 Rb8 25. Rg3 Rxg3 26. hxg3 a6 27. Nc3 Rxb1+ 28. Nxb1 Bg4 29. c3 Be2 30. d4 cxd4 31. cxd4 Nxe4 32. d5 Bc4 33. Nc3 Nxc3 34. d6 Be6 35. Kf2 Nb5 36. d7 Bxd7 37. a4 Nd4 38. a5 Nb3 39. Kf3 Nxa5 40. Kf2 Nc4 41. Kg1 a5 42. Kh2 a4 43. Kg1 a3 44. Kh2 a2 45. Kg1 a1Q+ 46. Kf2 Qc3 47. g4 Qe3+ 48. Kf1 Nd2# 0-1

[Event "Bad Soden U10 op"]
[Site "Bad Soden"]
[Date "2019.10.06"]
[Round "8"]
[White "Henzelmann, Matthias"]
[Black "Neininger, Pascal"]
[Result "0-1"]
[WhiteElo "869"]
[BlackElo "759"]
[PlyCount "98"]
[EventDate "2019.10.03"]
[EventType "swiss"]
[EventRounds "9"]
[EventCountry "GER"]
[SourceTitle "CBM 192 Extra"]
[Source "Chessbase"]
[SourceDate "2019.11.06"]
[SourceVersion "1"]
[SourceVersionDate "2019.11.06"]
[SourceQuality "1"]

1. e4 d5 2. exd5 Nf6 3. Nc3 Nxd5 4. Nxd5 Qxd5 5. Nf3 Nc6 6. Qe2 Qe6 7. Qxe6 Bxe6 8. Bb5 Bd7 9. 0-0 e5 10. Bxc6 Bxc6 11. Nxe5 Bd6 12. Nxc6 bxc6 13. d3 0-0 14. Bd2 Rfe8 15. Rfe1 Rab8 16. Rxe8+ Rxe8 17. Re1 Rxe1+ 18. Bxe1 Kf8 19. Kf1 Ke7 20. Ke2 Bxh2 21. g3 Kd6 22. Ke3 Kc5 23. c4 h5 24. b4+ Kb6 25. a4 g5 26. f4 gxf4+ 27. gxf4 Bg1+ 28. Bf2 Bxf2+ 29. Kxf2 c5 30. bxc5+ Kxc5 31. Kg3 Kd4 32. Kh4 Kxd3 33. Kxh5 Kxc4 34. f5 Kd5 35. Kg5 c5 36. f6 Ke6 37. Kf4 Kd5 38. Kg5 c4 39. Kh6 c3 40. Kg7 c2 41. Kxf7 c1Q 42. Kg7 Qg1+ 43. Kf7 Kd6 44. Kf8 Ke6 45. f7 Qf2 46. Kg8 Qxf7+ 47. Kh8 Qe7 48. Kg8 Kf6 49. Kh8 Qg7# 0-1